• 首页
  • 本馆介绍
  • 公告通知
  • 最新文献
  • 馆藏检索
  • 电子资源
  • 读者导购
  • 参考咨询
  • 我的图书馆
  • 登录
  • 详细信息显示
  • 放入我的书架
  • 预约/预借图书
  • 作者相关作品
  • 分类相关作品
  • 丛书相关作品
  • 出版社相关作品

书目信息

  • 表格格式
  • 工作单格式
  • 卡片格式
题名:
最新日本语能力测试1级考点透析与突破
    
 
作者: 朱丽颖 , 张蕾 主编
分册:   文字词汇
出版信息: 大连   大连出版社  2006
页数: 264页
开本: 26cm
丛书名:
单 册:
中图分类: H360.42 , H363.1
科图分类:
主题词: 日语--水平考试--自学参考资料 , 日语--词汇--水平考试--自学参考资料 , 日语 , 词汇
电子资源:
ISBN: 7-80684-373-6
000 01148nam0 2200301 450
001 003058783
005 20220930153240.77
010    @a7-80684-373-6@dCNY23.80
035    @a003058783
100    @a20060113d2006 em y0chiy0110 ea
101 0  @achi@ajpn
102    @aCN@b210000
105    @ay z 000yy
200 1  @a最新日本语能力测试1级考点透析与突破@Azui xin ri ben yu neng li ce shi 1 ji kao dian tou xi yu tu po@i文字词汇@Iwen zi ci hui@f朱丽颖,张蕾主编@Fzhu li ying, zhang lei zhu bian
210    @a大连@c大连出版社@d2006
215    @a264页@d26cm
300    @a大连出版社最新日本语能力测试用书 根据能力测试出题基准“最新修订版”编写
330    @a本书针对日本语能力测试(JLPT)1级文字词汇部分的题型编写,由名词、动词、形容词、形容动词、副词、外来语等章节构成,对用法相似的词汇进行了言简意赅、通俗易懂的辨析。
606 0  @a日语@x水平考试@j自学参考资料
606 0  @a日语@x词汇@x水平考试@j自学参考资料
606 0  @a日语
606 0  @a词汇
690    @aH360.42@v4
690    @aH363.1@v4
701  0 @a朱丽颖@Azhu li ying@4主编
701  0 @a张蕾@Azhang lei@c(日语)@4主编
801  0 @aCN@bNLC@c20070807
905    @dH360.42@e430@f4
    
    最新日本语能力测试1级考点透析与突破.文字词汇/朱丽颖,张蕾主编.-大连:大连出版社,2006
    264页;26cm
    大连出版社最新日本语能力测试用书 根据能力测试出题基准“最新修订版”编写
    
    ISBN 7-80684-373-6:CNY23.80
    本书针对日本语能力测试(JLPT)1级文字词汇部分的题型编写,由名词、动词、形容词、形容动词、副词、外来语等章节构成,对用法相似的词汇进行了言简意赅、通俗易懂的辨析。
●
相关链接 在E读中查询图书 在五车中查询图书 在当当中查询图书 在豆瓣中查询图书


正题名:最新日本语能力测试1级考点透析与突破     索取号:H360.42/430         预约/预借

序号 登录号 条形码 馆藏地/架位号 状态 备注
1 0853649   208536495   第二样本阅览室/ [索取号:H360.42/430] 在馆    
2 0853650   208536501   第四借阅区/ [索取号:H360.42/430] 在馆    
3 0853651   208536510   第四借阅区/ [索取号:H360.42/430] 在馆    
4 0853652   208536529   第四借阅区/ [索取号:H360.42/430] 在馆    
5 1056945   210569455   密集书库-文学院/ [索取号:H360.42/430] 在馆    
唐山师范学院图书馆 欢迎您!
大连网信软件有限公司© 版权所有